00308nam a2200109Ia 4500008004100000100002200041245002600063260000900089300003100098440002400129650004500153180117s9999 xx 000 0 und d aby Sol Jose Vanzi aBeauty, Gift or Curse c2017 a12-13 pages, 2017 March 19 aPhilippine Panorama aFORCED TO BE BEAUTIFUL AND IMELDA MARCOS